| 000 | 00891nam a2200301Ia 4500 | ||
|---|---|---|---|
| 008 | 180620s9999 xx 000 0 und d | ||
| 020 | _a978-0-8389-0976-8 | ||
| 050 | _aREF Z 675.U5 | ||
| 050 | _b.W66 2009 | ||
| 100 | _aWoodward, Jeannette | ||
| 245 | 0 | _aCreating the customer-driven academic library / | |
| 245 | 0 | _cJeannette Woodward | |
| 260 | _aBangkok, Thailand : | ||
| 260 | _biGroup Press Co., Ltd. | ||
| 260 | _c2009 | ||
| 300 | _a194 pages : | ||
| 300 | _c23 cm. | ||
| 500 | _aIncludes bibliographical references and index. | ||
| 650 | _aAcademic libraries -- | ||
| 650 | _aMarketing. | ||
| 650 | _aPublic relations. | ||
| 650 | _aPublic services (Libraries). | ||
| 650 | _aSpace utilization -- Social aspects. | ||
| 650 | _xAcademic libraries -- | ||
| 650 | _xAcademic libraries -- | ||
| 650 | _xAcademic libraries -- | ||
| 650 | _xUnited States. | ||
| 999 |
_c358059 _d358059 |
||